Pick the 9's Quiz Stats

Quiz not verified by Sporcle

Challenge
Share
Tweet
Embed
Score 0/39 Timer 00:30
0 Plays Today
% Correct
???
70.3%
???
69%
???
68.4%
???
67.1%
???
67.1%
???
66.5%
???
66.5%
???
66.5%
???
65.8%
???
65.8%
???
65.8%
???
65.2%
???
65.2%
???
64.5%
???
64.5%
???
64.5%
???
63.9%
???
63.9%
???
63.2%
???
63.2%
% Correct
???
63.2%
???
63.2%
???
63.2%
???
62.6%
???
62.6%
???
61.9%
???
61.9%
???
61.9%
???
61.9%
???
61.3%
???
61.3%
???
60.6%
???
60.6%
???
60%
???
60%
???
59.4%
???
59.4%
???
59.4%
???
55.5%

You're not logged in!

Compare scores with friends on all Sporcle quizzes.
Join for Free
OR
Log In

You Might Also Like...

Show Comments

Extras

Created Sep 9, 2013ReportNominate
Tags:Clickable Quiz

Top Quizzes Today


Score Distribution

Your Account Isn't Verified!

In order to create a playlist on Sporcle, you need to verify the email address you used during registration. Go to your Sporcle Settings to finish the process.

Report this User

Report this user for behavior that violates our Community Guidelines.

Details: